Guess the Harry Potter Movies by Scene #12 - Statistics

General Stats
  • This quiz has been taken 110 times
  • The average score is 18 of 20
Answer Stats
Picture Answer % Correct
Chamber of Secrets
100%
Goblet of Fire
100%
Philosopher's Stone
100%
Chamber of Secrets
96%
Philosopher's Stone
96%
Chamber of Secrets
93%
Chamber of Secrets
93%
Goblet of Fire
93%
Goblet of Fire
93%
Prisoner of Azkaban
93%
Prisoner of Azkaban
93%
Deathly Hallows – Part 1
89%
Deathly Hallows – Part 2
89%
Goblet of Fire
89%
Half-Blood Prince
89%
Half-Blood Prince
89%
Philosopher's Stone
89%
Half-Blood Prince
86%
Order of the Phoenix
86%
Philosopher's Stone
86%
No matching quizzes found
Score Distribution
Percent of People with Each Score
Percentile by Number Answered
Your Score History
You have not taken this quiz